Clubs de football commençant par L - Statistiques

Statistiques générales
  • Ce quiz a été pris 478 fois
  • Le résultat moyen est 13 sur 20
Statistiques - réponses
Par images Réponse % Correct
Liverpool
100%
Lazio
98%
Lille OSC
98%
Le Havre Athletic Club
97%
Leicester City
94%
L.A. Galaxy
86%
Leeds United
81%
Levante
80%
Lecce
77%
Le Mans FC
71%
Lokomotiv Moscou
67%
Las Palmas
64%
La Gantoise
60%
Legia Varsovie
56%
LASK Linz
45%
LAFC
35%
Ludogorets
33%
Lech Poznań
31%
Lincoln City
12%
Lillestrøm SK
11%
Aucun quiz correspondant
Distribution des résultats
% des personnes avec chaque résultat
Percentile par nombre de réponses
Votre historique - résultats
Vous n’avez pas pris ce quiz